O erbe Bánoviec, no najmä o metodike heraldickej tvorby

Bibliographic Details
Main Author: Vrtel, Ladislav, 1953- (Author)
Format: Article
Language:Slovak
ISSN:0231-6722
Subjects:

MARC

LEADER 00000nab a2200000 a 4500
001 vtls000696714
003 SK-MaSNL
005 20260304091343.0
008 250425c1999 xo 0 slo
015 |a SNBRB1999/06-15895 
035 |a CLN000048881 
035 |a urn:nbn:sk:snk-ab7gj7 
035 |a (urnnbn)urn:nbn:sk:snk:ar-005rct 
035 |a (uuid)77b42703-46b0-4d7d-a1aa-4db3b51e998f 
040 |a SNKBUCL  |b slo  |c SNKBUCL  |e AACR2 
041 0 |a slo 
044 |a xo  |c SK 
080 |a 929.6  |x (437.6)  |2 1981 
100 1 |a Vrtel, Ladislav,  |d 1953-  |4 aut  |9 209488 
245 1 0 |a O erbe Bánoviec, no najmä o metodike heraldickej tvorby  |c Ladislav Vrteľ 
504 |a Bibliogr. odkazy 
650 0 7 |a heraldika  |x metodika  |2 snkbucl  |9 1382222 
650 0 7 |a mestské erby  |2 snkbucl  |9 57249 
651 7 |a Bánovce nad Bebravou (Slovensko)  |2 snkbucl  |9 30527 
773 0 |t Slovenská archivistika  |g Roč. 34, č. 1 (1999), s. 126-133  |x 0231-6722 
850 |a Slovenská národná knižnica 
852 |a Slovenská národná knižnica 
954 |a odborná, vedecká literatúra pôvodná (slovenská)  |2 lita 
958 |a article7 
958 |a NB 
958 |a OND 
958 |a EUIPO 
999 |c 2815134  |d 2817064